000 00571nam a2200181Ia 4500
008 100921s9999 xx 000 0 und d
082 _b12399
_a947 थ 47
100 _a---
245 _aसोविएट दर्शन.
260 _bयुगवाणी प्रकाशन,मुंबई.
_c1947
300 _a109
_b---
365 _b2
520 _aइतिहास-रशिया.
630 _aसोविएट दर्शन.
650 _aइतिहास-रशिया.
730 _aसोविएट दर्शन.
942 _cBOOK
999 _c761512
_d761509